American Idol Top 13 Contestants Season 10 Quiz Stats

 Plays Quiz not verified by Sporcle

Challenge
Share
Tweet
Embed
Score 0/13 Timer 06:00
0 Plays Today
% Correct
Lauren Alaina
95.5%
Scotty McCreery
86.4%
James Durbin
84.1%
Casey Abrams
79.5%
Jacob Lusk
77.3%
Haley Reinhart
75%
Pia Toscano
75%
Stefano Langone
70.5%
Thia Megia
70.5%
Paul McDonald
61.4%
Naima Adedapo
56.8%
Ashthon Jones
50%
Karen Rodriguez
47.7%

You're not logged in!

Compare scores with friends on all Sporcle quizzes.
OR
Log In

You Might Also Like...

Show Comments

Extras

Top Quizzes Today


Score Distribution

Your Account Isn't Verified!

In order to create a playlist on Sporcle, you need to verify the email address you used during registration. Go to your Sporcle Settings to finish the process.

Report this User

Report this user for behavior that violates our Community Guidelines.

Details: